000 00303pam a2200121 a 4500
020 _c
041 _h
082 _a891.463
_bPAW
100 _aPAWAR S.,
245 _aMAHARASHTRA : EK DRUSHTIKON (MARATHI)
_hTextual Documents
260 _aMUMBAI
_bYASHAWANTRAO CHAVAN PRATISHTHAN
_c1989
930 _a11239
999 _c130683
_d130683